Gravity and spatial interaction models
Saved in:
| Main Author: | |
|---|---|
| Other Authors: | |
| Format: | Book |
| Language: | English |
| Published: |
Beverly Hills :
Sage ,
c1984
|
| Series: | Scientific geography series ;
; 2 |
| Subjects: | |
| Tags: |
Add Tag
No Tags, Be the first to tag this record!
|
MARC
| LEADER | 00000nam a2200000 i 4500 | ||
|---|---|---|---|
| 001 | 1/60595 | ||
| 008 | 930830s eng d | ||
| 020 | |a 0-8039-2326-0 | ||
| 035 | |a ΛΕΣΒΟΣb10000708 |l 10000708 | ||
| 040 | |a GR-MY-UA |b gre |e aacr | ||
| 041 | 0 | |a eng | |
| 082 | 0 | |a 330.1 | |
| 100 | 1 | |a Haynes, Kingsley E. | |
| 245 | 1 | 0 | |a Gravity and spatial interaction models / |c Kingsley E. Haynes; A. Stewart Fotheringham |
| 260 | |a Beverly Hills : |b Sage , |c c1984 | ||
| 300 | |a 88 p.; |b ill.; |c 22 cm. | ||
| 490 | 1 | |a Scientific geography series |v ; 2 | |
| 504 | |a Bibliography: p.80-87 | ||
| 650 | 0 | 0 | |a Space in economics |x Mathematical models. |
| 700 | 1 | |a Fotheringham, A. Stewart. | |
| 830 | 0 | |a Scientific geography series ; |v ; 2 | |
| 852 | |a INST |b LESVOS |e 19930830 |h 330.1 HAY |p 005100004516 |q 005100004516 |t BK |y 0 | ||
| 909 | |a Λ |b 012007 | ||